[Event "Let's Play Chess!"]
[Site "http://www.queenalice.com/game.php?id=1590238"]
[Date "2019.11.16"]
[Round "-"]
[White "positionalgenius"]
[Black "igorjava"]
[Result "1-0"]
[WhiteElo "2156"]
[BlackElo "1944"]

1. e4 c5 2. Nf3 d6 3. d4 cxd4 4. Nxd4 Nf6 5. Nc3 a6 6. Bg5 e5 7. Nb3 Be7 8. Bc4
b5 9. Bxf6 bxc4 10. Bxe7 Qxe7 11. Nd5 Qd8 12. Nd2 Qa5 13. O-O Qc5 14. b4 Qc6 15.
f4 O-O 16. Ne7+ 1-0

[Event "Let's Play Chess!"]
[Site "http://www.queenalice.com/game.php?id=1590239"]
[Date "2019.11.16"]
[Round "-"]
[White "igorjava"]
[Black "positionalgenius"]
[Result "0-1"]
[WhiteElo "2045"]
[BlackElo "2172"]

1. e4 c5 2. Nf3 d6 3. d4 cxd4 4. Nxd4 Nf6 5. Nc3 a6 6. a3 e5 7. Nf3 Be7 8. Bd3
O-O 9. O-O b5 10. h3 Bb7 11. Bg5 Nbd7 12. Qe2 h6 13. Bd2 Nc5 14. b4 Ne6 15. Ne1
Rc8 16. Kh1 Nd4 17. Qe3 Nh7 18. Nf3 Nxf3 19. Qxf3 f5 20. Qe2 fxe4 21. Bxe4 Bxe4
22. Qxe4 Rc4 23. Qe1 Qa8 24. Rc1 Bg5 25. f3 Rfc8 26. Ne4 Rxc2 27. Bxg5 Nxg5 28.
Rxc2 Rxc2 29. Nxd6 Qd5 30. Nf5 Qe6 31. Ne3 Ra2 32. Qc3 Nxh3 33. Ng4 Nf4 34. Rf2
Rxf2 35. Nxf2 Ne2 36. Qd3 Nf4 37. Qc2 Qc4 38. Qxc4+ bxc4 39. Nd1 Kf7 40. Nc3 Ke6
41. Kg1 Nd5 42. Ne2 c3 43. Kf2 c2 44. Nc1 Nc3 45. Ke3 Nb1 46. a4 Nc3 47. Kd3
Nxa4 48. Kxc2 Nb6 49. Nd3 Kf5 50. Nc5 Nd5 51. Kb3 Nc7 52. g3 h5 53. Ka4 g5 54.
Ka5 h4 55. gxh4 gxh4 56. Nxa6 Nxa6 57. Kxa6 h3 58. b5 h2 59. b6 h1=Q 60. b7 Qxf3
61. b8=Q Qa3+ 62. Kb7 Qb4+ 63. Kc7 Qxb8+ 0-1

[Event "Let's Play Chess!"]
[Site "http://www.queenalice.com/game.php?id=1602750"]
[Date "2020.3.22"]
[Round "-"]
[White "positionalgenius"]
[Black "madriles"]
[Result "1-0"]
[WhiteElo "2167"]
[BlackElo "1948"]

1. d4 Nf6 2. c4 d6 3. Nc3 g6 4. e4 Bg7 5. Bg5 O-O 6. f4 e6 7. e5 dxe5 8. fxe5
Nc6 9. exf6 Bxf6 10. Bxf6 Qxf6 11. Nf3 Re8 12. Be2 e5 13. d5 Nd4 14. O-O Qb6 15.
Kh1 Qxb2 16. Nxd4 exd4 17. Qxd4 Bf5 18. Bf3 a6 19. g4 Bd7 20. Qf6 Re3 21. Be4
Qxc3 22. Qxf7+ Kh8 23. Qxd7 Rxe4 24. Rac1 Qe5 25. Qf7 Rxg4 26. Rce1 Qb2 27. Re8+
Rxe8 28. Qxe8+ 1-0

[Event "Let's Play Chess!"]
[Site "http://www.queenalice.com/game.php?id=1602751"]
[Date "2020.3.18"]
[Round "-"]
[White "positionalgenius"]
[Black "Meckerkopp"]
[Result "0-1"]
[WhiteElo "2181"]
[BlackElo "2150"]

1. e4 e5 2. Nf3 Qf6 3. Bc4 h6 4. O-O Bc5 5. c3 Ne7 6. d4 exd4 7. cxd4 Bb6 8. Re1
O-O 9. e5 Qc6 10. Bb3 d5 11. Nc3 Bg4 12. Be3 Ba5 0-1

[Event "Let's Play Chess!"]
[Site "http://www.queenalice.com/game.php?id=1602752"]
[Date "2020.3.18"]
[Round "-"]
[White "Meckerkopp"]
[Black "positionalgenius"]
[Result "1-0"]
[WhiteElo "2163"]
[BlackElo "2168"]

1. e4 c5 2. Nf3 d6 3. Bb5+ Bd7 4. Bxd7+ Nxd7 5. O-O Ngf6 6. Nc3 e6 7. d3 Be7 8.
Re1 O-O 9. b3 a6 10. a4 Rb8 11. e5 dxe5 12. Nxe5 1-0

[Event "AUTO-OPEN-4146"]
[Site "http://www.queenalice.com/game.php?id=1602864"]
[Date "2020.3.17"]
[Round "1"]
[White "positionalgenius"]
[Black "junipero"]
[Result "1/2-1/2"]
[WhiteElo "2177"]
[BlackElo "2082"]

1. e4 c5 2. Nf3 Nc6 3. d4 cxd4 4. Nxd4 e5 5. Nb5 d6 6. Be2 a6 7. N5c3 Nf6 8. O-O
Be7 9. f4 exf4 10. Bxf4 O-O 11. Nd2 Ne5 12. Nb3 b5 13. Nd5 Nxe4 14. Bxe5 dxe5
15. Nxe7+ Qxe7 16. Bf3 Bb7 17. Kh1 Rfd8 18. Qe1 Nd6 19. Bxb7 Nxb7 20. Rd1 f6 21.
Qe4 Rxd1 22. Rxd1 Rd8 23. Rxd8+ Nxd8 24. Qa8 Qd7 25. h3 Qd1+ 26. Kh2 Qd6 27. Qe4
g6 28. c4 f5 29. Qd5+ Qxd5 30. cxd5 Nb7 31. Kg3 Kf7 32. Kf3 Ke7 33. g4 Kd6 34.
Nd2 Kxd5 35. a3 h6 36. b4 f4 37. h4 g5 38. hxg5 hxg5 39. Ne4 Nd6 40. Nxg5 Nc4
41. Ne4 Nxa3 42. g5 Nc2 43. Kg4 Nxb4 44. Kf5 Nc6 45. Nf6+ Kd6 46. Ne4+ Ke7 47.
Nc5 a5 48. g6 a4 49. g7 Kf7 50. Ne6 Ne7+ 51. Kxe5 f3 52. Ng5+ Kxg7 53. Nxf3 a3
54. Nd2 b4 55. Kd4 Kf6 56. Kc4 Nc6 57. Kb3 Ke5 58. Nb1 Na5+ 59. Ka2 Kd4 60. Nxa3
Kc3 61. Nb5+ Kc2 62. Na3+ Kc1 63. Nc4 b3+ 64. Ka3 Kc2 65. Nb2 Kc3 66. Na4+ Kc2
67. Nb2 Kc3 68. Na4+ Kd4 69. Kb4 Kd3 70. Kxa5 Kc4 71. Nb2+ Kc3 72. Na4+ Kc2 73.
Kb4 b2 1/2-1/2

[Event "AUTO-OPEN-4146"]
[Site "http://www.queenalice.com/game.php?id=1602865"]
[Date "2020.3.17"]
[Round "1"]
[White "junipero"]
[Black "positionalgenius"]
[Result "1/2-1/2"]
[WhiteElo "2072"]
[BlackElo "2180"]

1. d4 Nf6 2. c4 e6 3. Nc3 d5 4. e3 Bb4 5. cxd5 Nxd5 6. Bd2 O-O 7. a3 Bxc3 8.
bxc3 b6 9. c4 Nf6 10. Nf3 Bb7 11. Be2 Nbd7 12. O-O Rc8 13. Rb1 Ne4 14. Bb4 c5
15. dxc5 Ndxc5 16. Nd2 a5 17. Nxe4 Bxe4 18. Bxc5 bxc5 19. Rb5 Qc7 20. Bf3 Rfd8
21. Qa4 Bxf3 22. gxf3 Rb8 23. Rxa5 Rb2 24. Ra7 Qe5 25. Rd7 Qg5+ 26. Kh1 Rdb8 27.
Rdd1 Qf5 28. Kg2 Qg5+ 29. Kh1 Qf5 30. Qc6 h6 31. f4 Qc2 32. Qxc5 Qe4+ 33. Kg1
Qg6+ 34. Kh1 Qe4+ 35. Kg1 Qg6+ 36. Kh1 Qe4+ 1/2-1/2

[Event "AUTO-OPEN-4146"]
[Site "http://www.queenalice.com/game.php?id=1602866"]
[Date "2020.3.17"]
[Round "1"]
[White "positionalgenius"]
[Black "pizzaiolo72"]
[Result "1-0"]
[WhiteElo "2156"]
[BlackElo "2119"]

1. e4 Nf6 2. e5 Nd5 3. d4 d6 4. c4 Nb6 5. f4 dxe5 6. fxe5 Nc6 7. Nf3 Bg4 8. Be2
Bxf3 9. Bxf3 Nxc4 10. Bxc6+ bxc6 11. Qa4 Qd5 12. O-O Qxd4+ 13. Kh1 Qd5 14. Nc3
Qe6 15. b3 Nb6 16. Qf4 Nd5 17. Nxd5 cxd5 18. Ba3 g6 19. Rac1 Bg7 20. Qa4+ Qd7
21. Rxc7 Qxa4 22. Rxe7+ Kd8 23. bxa4 Re8 24. Rfxf7 Bxe5 25. Rxe8+ Kxe8 26. Re7+
1-0

[Event "AUTO-OPEN-4146"]
[Site "http://www.queenalice.com/game.php?id=1602867"]
[Date "2020.3.17"]
[Round "1"]
[White "pizzaiolo72"]
[Black "positionalgenius"]
[Result "0-1"]
[WhiteElo "2149"]
[BlackElo "2170"]

1. e4 c5 2. Nf3 d6 3. d4 cxd4 4. Nxd4 Nf6 5. Bd3 e5 6. Nb3 Be7 7. Nc3 O-O 8. Bg5
a6 9. O-O b5 10. h3 Bb7 11. Bxf6 Bxf6 12. Nd5 Nd7 13. c4 bxc4 14. Bxc4 Rc8 15.
Nxf6+ Nxf6 16. f3 Rxc4 0-1

[Event "AUTO-MASTER-3003"]
[Site "http://www.queenalice.com/game.php?id=1631973"]
[Date "2020.11.5"]
[Round "1"]
[White "positionalgenius"]
[Black "ernestodn"]
[Result "1-0"]
[WhiteElo "2168"]
[BlackElo "1886"]

1. d4 e5 2. dxe5 Nc6 3. Nf3 Qe7 4. e3 Nxe5 5. Be2 Nf6 6. O-O d5 7. Nxe5 Qxe5 8.
c4 Bd6 9. g3 O-O 10. Nc3 c6 11. cxd5 cxd5 12. Bf3 Be7 13. Nxd5 Rd8 14. Nxe7+
Qxe7 15. b3 Rxd1 16. Rxd1 Bg4 17. Bxg4 Nxg4 18. Bb2 Qc5 19. Rac1 Qf5 20. Rd2 h6
21. Rc4 h5 22. Rf4 Qb1+ 23. Kg2 Qxa2 24. h3 Ne5 25. Bc3 Qxb3 26. Bxe5 b5 27. g4
Qe6 28. Ba1 1-0

[Event "AUTO-MASTER-3003"]
[Site "http://www.queenalice.com/game.php?id=1631974"]
[Date "2020.11.5"]
[Round "1"]
[White "ernestodn"]
[Black "positionalgenius"]
[Result "0-1"]
[WhiteElo "1921"]
[BlackElo "2180"]

1. e4 c5 2. d4 cxd4 3. Nf3 d6 4. Nxd4 Nf6 5. Nc3 a6 6. Bd3 e5 7. Nde2 Be7 8. O-O
O-O 9. Ng3 Bg4 10. Be2 Bxe2 11. Qxe2 Qc7 12. Bg5 Nc6 13. Nf5 Nd4 14. Nxd4 exd4
15. Bxf6 Bxf6 16. Nd5 Qc6 17. Nxf6+ gxf6 18. f4 Kh8 19. Rf3 Rg8 20. Rd3 f5 21.
Rxd4 Rae8 22. Re1 Qc5 23. Qd3 Re7 24. Kf1 Rge8 25. Rxd6 fxe4 26. Qd4+ Qxd4 27.
Rxd4 Rc8 28. c3 e3 29. Ke2 Rc6 30. g4 Rb6 0-1

[Event "AUTO-MASTER-3003"]
[Site "http://www.queenalice.com/game.php?id=1631975"]
[Date "2020.11.5"]
[Round "1"]
[White "positionalgenius"]
[Black "Rafale2000"]
[Result "0-1"]
[WhiteElo "2184"]
[BlackElo "1893"]

1. e4 Nf6 2. e5 Nd5 3. d4 d6 4. c4 Nb6 5. f4 dxe5 6. fxe5 Nc6 7. Nf3 Bg4 8. Be2
e6 9. O-O Be7 10. Nc3 O-O 11. Be3 f6 12. exf6 Bxf6 13. Rc1 Bxf3 14. Bxf3 Nxc4
15. Qe2 Nxe3 16. Qxe3 Bxd4 17. Rce1 Bxe3+ 18. Rxe3 Nd4 19. Rd1 Qf6 20. Bxb7 Qf2+
0-1

[Event "AUTO-MASTER-3003"]
[Site "http://www.queenalice.com/game.php?id=1631976"]
[Date "2020.11.5"]
[Round "1"]
[White "Rafale2000"]
[Black "positionalgenius"]
[Result "0-1"]
[WhiteElo "1941"]
[BlackElo "2163"]

1. e4 c5 2. Nf3 d6 3. d4 cxd4 4. Nxd4 Nf6 5. Nc3 a6 6. Bg5 e5 7. Nb3 Be7 8. Bc4
b5 9. Bxf6 Bxf6 10. Be2 O-O 11. Nd5 Bb7 12. O-O Nd7 13. Nxf6+ Nxf6 14. f3 Rc8
15. a4 Qb6+ 16. Kh1 Rc7 17. axb5 axb5 18. Ra5 Rfc8 19. Rxb5 Qc6 20. Na5 Qa6 21.
Nxb7 Rxb7 22. Rc5 Qa8 23. Rb5 Rxb5 24. Bxb5 d5 25. exd5 Nxd5 26. c4 Ne3 27. Qe2
Nxf1 28. Qxf1 Qa2 29. Qc1 Qb3 30. h3 Qxb5 0-1

[Event "AUTO-MASTER-3003"]
[Site "http://www.queenalice.com/game.php?id=1765234"]
[Date "2021.7.24"]
[Round "2"]
[White "CCapivara"]
[Black "positionalgenius"]
[Result "1-0"]
[WhiteElo "2280"]
[BlackElo "2184"]

1. e4 c5 2. Nf3 d6 3. d4 cxd4 4. Nxd4 Nf6 5. Nc3 a6 6. Bg5 e5 7. Nb3 Be7 8. Be2
O-O 9. Qd2 Be6 10. Bxf6 Bxf6 11. Nd5 Nc6 12. c3 Bg5 13. Qd3 Bxd5 14. Qxd5 1-0

[Event "AUTO-MASTER-3003"]
[Site "http://www.queenalice.com/game.php?id=1765235"]
[Date "2021.7.24"]
[Round "2"]
[White "positionalgenius"]
[Black "CCapivara"]
[Result "0-1"]
[WhiteElo "2165"]
[BlackElo "2290"]

1. e4 d6 2. d4 Nf6 3. Bd3 e5 4. dxe5 dxe5 5. Nf3 Bd6 6. O-O O-O 7. Nc3 Bg4 8.
Bg5 Nbd7 9. h3 Bh5 10. Nb5 Nc5 11. Nxd6 Qxd6 12. Re1 Rad8 13. Bxf6 Qxf6 14. Qe2
Rd7 0-1

[Event "AUTO-MASTER-3003"]
[Site "http://www.queenalice.com/game.php?id=1765238"]
[Date "2021.7.24"]
[Round "2"]
[White "positionalgenius"]
[Black "mascarade"]
[Result "0-1"]
[WhiteElo "2175"]
[BlackElo "2401"]

1. e4 e5 2. Nf3 Nc6 3. Bb5 Nge7 4. c3 d6 5. d4 exd4 6. cxd4 a6 7. Ba4 Bd7 8. O-O
h6 9. Nc3 Nc8 10. Re1 N6e7 11. Bb3 g6 12. e5 Bg7 0-1

[Event "AUTO-MASTER-3003"]
[Site "http://www.queenalice.com/game.php?id=1765239"]
[Date "2021.7.24"]
[Round "2"]
[White "mascarade"]
[Black "positionalgenius"]
[Result "1-0"]
[WhiteElo "2404"]
[BlackElo "2170"]

1. Nf3 d5 2. d4 Nf6 3. e3 Bf5 4. Bd3 Bg6 5. O-O e6 6. b3 Be7 7. Bb2 O-O 8. a4
Nbd7 9. Ba3 a6 10. Bxe7 Qxe7 11. Nc3 Rfc8 12. Ne2 1-0